Point set topology

Gorde:
Xehetasun bibliografikoak
Egile nagusia: Gaal, Steven A (Egilea)
Formatua: Liburua
Hizkuntza:ingelesa
Argitaratua: Nueva York Academic Press 1964
Saila:Pure and Applied Mathematics
Gaiak:
Etiketak: Etiketa erantsi
Etiketarik gabe, Izan zaitez lehena erregistro honi etiketa jartzen!

MARC

LEADER 00000nam a2200000 a 4500
001 UCW0676
003 CL-VaPUC
008 880912e19640000US |||||||||||||||||eng|d
082 0 4 |a 514.322  |b GAA  |2 21 
100 0 |a Gaal, Steven A  |e author  |9 304579 
245 1 0 |a Point set topology 
300 |a 317 p 
942 |c BK 
945 |d 19880912 00:00:00 
260 |a Nueva York  |b Academic Press  |c 1964 
650 0 |a Topología   |9 260092 
583 |a last modification  |c 19880912 00:00:00  |k Rodrigo Vera 
490 0 |a Pure and Applied Mathematics 
999 |c 215747  |d 215745 
952 |0 0  |1 0  |4 0  |6 514_322000000000000_GAA_1964  |7 0  |8 A  |9 200569  |a BIBMAT  |b BIBMAT  |d 2019-11-14  |i 2678063  |o 514.322 GAA 1964  |p 2678063  |r 2025-01-07  |w 2019-11-14  |y BK  |k MAT